000 00326nam a2200109Ia 4500
008 220204s9999 xx 000 0 und d
082 _a334(540)
_bREP
245 0 _aReport of the working on cooperative policy
260 _aDelhi
_bCoomunity development & cooperation ministry
_c1959
650 _aCooperative policy
942 _cBK
999 _c19291
_d19291